000 00352 a2200157 4500
001 184053
020 _a85-8687-25-8
040 _cMagnum
100 _aRegina, Silvia La
240 1 0 _aUm brasil do outro mundo
_lpor
245 1 0 _aUm brasil do outro mundo
300 _a104
362 0 _a2000
697 _aLITERATURA INFANTO-JUVENIL
942 _cBK
999 _c184053
_d184053